<?xml version="1.0" encoding="UTF-8"?>
<record
    xmlns:xsi="http://www.w3.org/2001/XMLSchema-instance"
    xsi:schemaLocation="http://www.loc.gov/MARC21/slim http://www.loc.gov/standards/marcxml/schema/MARC21slim.xsd"
    xmlns="http://www.loc.gov/MARC21/slim">

  <leader>01439nam a2200229Ia 4500</leader>
  <controlfield tag="001">b6446-46128 </controlfield>
  <controlfield tag="003">IT-MiCISF</controlfield>
  <controlfield tag="005">20260112113915.0</controlfield>
  <controlfield tag="008">161014s9999||||xx |||||||||||||| ||und||</controlfield>
  <datafield tag="040" ind1=" " ind2=" ">
    <subfield code="a">IT-MiCISF</subfield>
    <subfield code="c">IT-MiCISF</subfield>
  </datafield>
  <datafield tag="041" ind1=" " ind2=" ">
    <subfield code="a">it</subfield>
  </datafield>
  <datafield tag="100" ind1=" " ind2=" ">
    <subfield code="a">Vanni Antonello</subfield>
    <subfield code="9">56126</subfield>
  </datafield>
  <datafield tag="245" ind1=" " ind2="0">
    <subfield code="a">Adolescenti tra dipendenze e libert&#xE0;.</subfield>
    <subfield code="b">Manuale di prevenzione per genitori, educatori e insegnanti</subfield>
  </datafield>
  <datafield tag="260" ind1=" " ind2=" ">
    <subfield code="a">Cinisello B. (MI),</subfield>
    <subfield code="b">San Paolo,</subfield>
    <subfield code="c">2009</subfield>
  </datafield>
  <datafield tag="300" ind1=" " ind2=" ">
    <subfield code="a">pp. 315</subfield>
  </datafield>
  <datafield tag="500" ind1=" " ind2=" ">
    <subfield code="a"> / adolescenza, tossicodipendenza, prevenzione, educazione-genitori, scuola, educazione, operatori, societ&#xE0; / </subfield>
  </datafield>
  <datafield tag="520" ind1=" " ind2=" ">
    <subfield code="a">Tabacco, sostanze psicoattive (in particolare cannabis, ecstasy e droghe sintetiche), alcool, psicofarmaci, cellulari, internet: sono queste le dipendenze pi&#xF9; diffuse tra i giovani. A quanti hanno responsabilit&#xE0; educative nei confronti dei ragazzi l'A., educatore e docente di grande esperienza, fornisce una guida agile ma completa, organica e aggiornata, orientata principalmente alla prevenzione delle situazioni che maggiormente compromettono la salute psicofisica e la maturazione degli adolescenti. Il libro fornisce inoltre strumenti utili per progettare percorsi di prevenzione efficaci che caratterizzano la nostra realt&#xE0; educativa, sia per quanto riguarda l'ambito familiare che quello formativo e scolastico. </subfield>
  </datafield>
  <datafield tag="650" ind1=" " ind2=" ">
    <subfield code="a">Et&#xE0;-evolutiva</subfield>
  </datafield>
  <datafield tag="654" ind1=" " ind2=" ">
    <subfield code="a">saggio</subfield>
  </datafield>
  <datafield tag="942" ind1=" " ind2=" ">
    <subfield code="c">BK</subfield>
    <subfield code="2">ddc</subfield>
  </datafield>
  <datafield tag="999" ind1=" " ind2=" ">
    <subfield code="c">210596</subfield>
    <subfield code="d">210596</subfield>
  </datafield>
  <datafield tag="999" ind1=" " ind2=" ">
    <subfield code="b">si</subfield>
  </datafield>
  <datafield tag="952" ind1=" " ind2=" ">
    <subfield code="0">0</subfield>
    <subfield code="1">0</subfield>
    <subfield code="4">0</subfield>
    <subfield code="6">B_644646128</subfield>
    <subfield code="7">1</subfield>
    <subfield code="a">CISF</subfield>
    <subfield code="b">CISF</subfield>
    <subfield code="d">2016-10-14</subfield>
    <subfield code="l">0</subfield>
    <subfield code="o">b6446-46128 </subfield>
    <subfield code="r">2016-10-14 00:00:00</subfield>
    <subfield code="w">2016-10-14</subfield>
    <subfield code="y">BK</subfield>
    <subfield code="z">Data import 15.10.2016 / by Epidotti, Vaglietti</subfield>
  </datafield>
</record>
